Phát triển chương trình dạy học theo luật dạy nghề 2006 /

Saved in:
Bibliographic Details
Main Author: Dương Đức Lân, PGS.TS.
Format: Article
Language:Vietnamese
Subjects:
Tags: Add Tag
No Tags, Be the first to tag this record!
Institutions: Thư viện Trường Đại học Đà Lạt
LEADER 00880nam a2200277 4500
001 DLU100106164
005 ##20100412
040 # # |a DLU  |b vie 
041 # # |a vie 
044 # # |a vn 
100 # # |a Dương Đức Lân,   |c PGS.TS. 
245 # # |a Phát triển chương trình dạy học theo luật dạy nghề 2006 /  |c Dương Đức Lân. 
653 # # |a Giáo dục học hiện đại 
653 # # |a Giáo dục hướng nghiệp 
653 # # |a Luật giáo dục  
653 # # |a Phương pháp giảng dạy 
773 # # |t Tạp chí lao động và xã hội  |g Số1-2(327-328), 2008, tr. 30-31 
920 # # |a Phòng Tạp chí -- Trung tâm Thông tin - Thư viện Trường Đại học Đà Lạt 
994 # # |a DLU 
900 # # |a True 
911 # # |a Nguyễn Thị Linh Chi 
925 # # |a G 
926 # # |a A 
927 # # |a BB 
980 # # |a Thư viện Trường Đại học Đà Lạt